Moral: La gran moral. Moral a Eudemo

Documento conformado por dos de los tres tratados aristotélicos sobre ética. La gran moral es un breve escrito donde se plantea la ética como parte de la política, el bien inherente de cada cosa como el verdadero bien supremo. Además se estudia el placer, la buena fortuna y la amistad. La Moral a Eu...

Πλήρης περιγραφή

Αποθηκεύτηκε σε:
Λεπτομέρειες βιβλιογραφικής εγγραφής
Κύριος συγγραφέας: Aristóteles
Μορφή: Βιβλίο
Γλώσσα:Undetermined
Έκδοση: Madrid, España Espasa-Calpe 1976
Έκδοση:6
Θέματα:
Ετικέτες: Προσθήκη ετικέτας
Δεν υπάρχουν, Καταχωρήστε ετικέτα πρώτοι!

MARC

LEADER 00000nam a2200000Ia 4500
008 170316s9999 xx 000 0 und d
040 |a cru BVZT 
090 |a 100 A-36mr 
100 |a Aristóteles  |9 1052 
245 |a Moral: La gran moral. Moral a Eudemo  |c / Aristóteles ;  
250 |a 6 
260 |a Madrid, España  |b Espasa-Calpe  |c 1976 
300 |a 244 páginas 
520 |a Documento conformado por dos de los tres tratados aristotélicos sobre ética. La gran moral es un breve escrito donde se plantea la ética como parte de la política, el bien inherente de cada cosa como el verdadero bien supremo. Además se estudia el placer, la buena fortuna y la amistad. La Moral a Eudemo se concentra en la perfección de la virtud expresa mediante el concepto καλὸς κἀγαθός (kalos kagathos). En este sentido sus planteamientos residen en la esfera de la praxis, encausados al problema del dominio de las pasiones 
650 |a FILOSOFÍA  |9 5 
999 |c 15570  |d 15570 
942 |c 4 D  |h 100 A-36mr  |2 z